| 000 | 00455cam a2200169ua 4500 | ||
|---|---|---|---|
| 020 | _c495.00 | ||
| 041 |
_aeng _h |
||
| 082 |
_a631.56 _bJOH/HA |
||
| 100 | _aJohn, Jacob P . | ||
| 245 |
_aHand book on post harvest management of fruits and vegetables / _cP.Jacob John. _hTextual Documents |
||
| 260 |
_aNew Delhi : _bDaya Publishing House , _c2008. |
||
| 300 | _a ; . | ||
| 365 | _a495.00 | ||
| 504 | _a | ||
| 942 | _cBK | ||
| 999 |
_c13513 _d13513 |
||